| 000 | 00694nam a2200217Ii 4500 | ||
|---|---|---|---|
| 003 | JO-AjNU | ||
| 008 | 230605s9999||||xx |||||||||||||| ||und|| | ||
| 017 | _a1977/2824 | ||
| 020 | _a7065-8009 | ||
| 040 |
_aJO-AjNU _bara _erda _cJO-AjNU |
||
| 041 | _aara | ||
| 050 | 1 | 4 | _aTK5981. G7 1977 |
| 100 | 3 |
_aجراف، هاينز, _eauthor _936867 |
|
| 245 | 0 | 0 | _aالاليكترونيات الاسس التكنولوجية |
| 264 | 3 | 1 | _aالقاهرة: مؤسسة الاهرام ، 1977 |
| 300 |
_a157ص _bصور توضيحية |
||
| 336 |
_atext _btxt _2rdacontent |
||
| 337 |
_aunmediated _bn _2rdamedia |
||
| 338 |
_avolume _bnc _2rdacarrier |
||
| 650 | 4 |
_aالاليكترونيات _936868 |
|
| 999 |
_aA15355 _c18923 _d18923 |
||